Score 0/118 Timer 20:00
0 Plays Today
% Correct
Kankaanpää
73.6%
Loimaan mlk
71.4%
Porin mlk
71.4%
Ikaalisten mlk
70.3%
Masku
68.1%
Rauman mlk
68.1%
Eurajoki
67%
Jämijärvi
67%
Merikarvia
67%
Noormarkku
67%
Naantalin mlk
67%
Honkajoki
65.9%
Kokemäki
65.9%
Nagu
65.9%
Ulvila
65.9%
Eura
64.8%
Laitila
64.8%
Pargas
64.8%
Rauma
64.8%
Siikainen
64.8%
Uusikaupunki
64.8%
Ikaalinen
64.8%
Nakkila
63.7%
Säkylä
63.7%
Pomarkku
62.6%
Pori
62.6%
Turku
62.6%
Kihniö
62.6%
Parkano
62.6%
Karvia
61.5%
Kimito
61.5%
Luvia
61.5%
Kaarina
60.4%
Nousiainen
60.4%
Raisio
60.4%
Tyrvää
60.4%
Lieto
59.3%
Loimaa
59.3%
Mynämäki
59.3%
Pöytyä
59.3%
% Correct
Dragsfjärd
58.2%
Halikko
58.2%
Houtskär
58.2%
Iniö
58.2%
Korpo
58.2%
Kustavi
58.2%
Naantali
58.2%
Salo
58.2%
Vammala
58.2%
Yläne
58.2%
Aura
57.1%
Huittinen
57.1%
Köyliö
57.1%
Lavia
57.1%
Punkalaidun
57.1%
Sauvo
57.1%
Hämeenkyrö
57.1%
Vestanfjärd
56%
Harjavalta
54.9%
Oripää
54.9%
Rymättylä
54.9%
Maaria
54.9%
Merimasku
53.8%
Taivassalo
53.8%
Marttila
52.7%
Ahlainen
52.7%
Kakskerta
52.7%
Lappi
51.6%
Hitis
51.6%
Lemu
50.5%
Kauvatsa
50.5%
Uudenkaupungin mlk
50.5%
Koski Tl
49.5%
Uusikirkko Tl
49.5%
Keikyä
49.5%
Mouhijärvi
49.5%
Paattinen
48.4%
Pyhäranta
48.4%
Alastaro
47.3%
Kodisjoki
47.3%
% Correct
Kullaa
47.3%
Paimio
47.3%
Särkisalo
47.3%
Karjala
47.3%
Pyhämaa
46.2%
Rusko
46.2%
Angelniemi
46.2%
Viljakkala
45.1%
Suodenniemi
44%
Vahto
44%
Perniö
42.9%
Vampula
42.9%
Kiukainen
41.8%
Kiikoinen
40.7%
Pertteli
40.7%
Vehmaa
40.7%
Kiikala
39.6%
Karkku
39.6%
Kiikka
39.6%
Lokalahti
39.6%
Metsämaa
38.5%
Tarvasjoki
37.4%
Hinnerjoki
37.4%
Suoniemi
36.3%
Uskela
36.3%
Suomusjärvi
35.2%
Karinainen
33%
Velkua
33%
Karuna
33%
Honkilahti
33%
Askainen
31.9%
Kisko
31.9%
Mietoinen
30.8%
Piikkiö
30.8%
Kuusjoki
29.7%
Mellilä
28.6%
Muurla
28.6%
Kuusisto
24.2%
Remove Ads.
Support Sporcle.
Get the best of Sporcle when you Go Orange. This ad-free experience offers more features, more stats, and more fun while also helping to support Sporcle. Thank you for becoming a member.

You're not logged in!

Compare scores with friends on all Sporcle quizzes.
OR
Log In

Show Comments

Extras

Created Dec 24, 2017ReportNominate
Tags:finland

Top Quizzes Today


Score Distribution

Your Account Isn't Verified!

In order to create a playlist on Sporcle, you need to verify the email address you used during registration. Go to your Sporcle Settings to finish the process.

Report this User

Report this user for behavior that violates our Community Guidelines.

Details: